WWE WrestleMania XL Match Card - Statistics

General Stats
  • This quiz has been taken 62 times
    60 since last reset
  • The average score is 45 of 51
Answer Stats
Match Type Wrestler % Correct
Tag team Cody Rhodes
100%
Bloodline Rules Cody Rhodes
100%
Tag team Roman Reigns
100%
Bloodline Rules Roman Reigns
100%
Tag team Seth "Freakin" Rollins
100%
Singles Seth "Freakin" Rollins
100%
Tag team The Rock
100%
Six-Pack Tag Team Ladder Damian Priest
98%
Singles Damian Priest
98%
Six-Pack Tag Team Ladder Finn Bálor
98%
Singles Drew McIntyre
96%
Singles Drew McIntyre
96%
Singles Bayley
94%
Six-woman tag team Bianca Belair
94%
Philadelphia Street Fight Angelo Dawkins
92%
Six-Pack Tag Team Ladder Austin Theory
92%
Philadelphia Street Fight Bobby Lashley
92%
Six-woman tag team Naomi
92%
Triple threat Randy Orton
92%
Singles Rhea Ripley
92%
Singles Sami Zayn
92%
Six-Pack Tag Team Ladder The Miz
92%
Six-woman tag team Asuka
90%
Tag team "Dirty" Dominik Mysterio
90%
Singles Gunther
90%
Six-woman tag team Jade Cargill
90%
Singles Jey Uso
90%
Singles Jimmy Uso
90%
Triple threat Kevin Owens
90%
Triple threat Logan Paul
90%
Philadelphia Street Fight Montez Ford
90%
Six-Pack Tag Team Ladder R-Truth
90%
Singles Becky Lynch
88%
Six-Pack Tag Team Ladder Grayson Waller
88%
Singles Iyo Sky
88%
Tag team Rey Mysterio
88%
Singles AJ Styles
86%
Singles LA Knight
86%
Six-Pack Tag Team Ladder Johnny Gargano
82%
Six-woman tag team Dakota Kai
80%
Six-Pack Tag Team Ladder Tommaso Ciampa
80%
Philadelphia Street Fight Karrion Kross
78%
Six-Pack Tag Team Ladder Kofi Kingston
78%
Six-Pack Tag Team Ladder Xavier Woods
78%
Six-woman tag team Kairi Sane
76%
Tag team Santos Escobar
76%
Tag team Andrade
71%
Philadelphia Street Fight Akam
69%
Philadelphia Street Fight Rezar
69%
Six-Pack Tag Team Ladder Pete Dunne
67%
Six-Pack Tag Team Ladder Tyler Bate
65%
No matching quizzes found
Score Distribution
Percent of People with Each Score
Percentile by Number Answered
Your Score History
You have not taken this quiz since the last reset